Datum a čas kvízu
39
Celkem bodů
Celkový počet nahraných bodů na tomto kvízu bez doplňovacích otázek.
1.
Pořadí na kvízu
Konečné umístění týmu na tomto kvízu.
Zaznamenané odpovědi
# | Otázka | Odpověď | Body | Výsledky |
---|---|---|---|---|
1. | Bývalá první dáma oslavila v ú... | Ivana Zemanová, 60 | 0 | |
2. | Ve vysílání maďarské státní te... | Bratislavský hrad | 1 | |
3. | Režisér Karel Janák minulý týd... | Snowboarďáci | 1 | |
4. | Který evropský poloostrov post... | Pyrenejský (Iberský) | 1 | |
5. | Česká rychlobruslařka Martina... | Nikola Zdráhalová | 1 | |
6. | Podíváme se na několik známých... | Cheops / Chufu (Chufev) | 1 | |
7. | V Egyptě ještě chvíli zůstane... | Tutanchamon | 1 | |
8. | Kdo je pohřben pod tímto náhro... | Josef Skupa | 1 | |
9. | Tento hřbitov je situován při... | Arlingtonský | 0 | |
10. | V poslední otázce tématu se po... | Kolja | 0 |